000 00560nam a22002177a 4500
005 20231207115127.0
008 231207b |||||||| |||| 00| 0 eng d
020 _a9788195196128
_cRs. 595.00
040 _aMAIN
082 _a515
_bT159A(4)
100 _aTao, Terence
245 _aAnalysis II
250 _a4th
260 _aNew Delhi
_bHindustan Book Agency (India)
_c2022
300 _axiv, 223
440 _aTest ans readings in mathematics; 38
650 _aMathematics
650 _aAnalysis
700 _aSeshadri, C S, S, ed.
942 _cBK
999 _c309468
_d309468